Normal view
MARC view
Entry Personal Name
001 - CONTROL NUMBER
- control field: 163494
003 - CONTROL NUMBER IDENTIFIER
- control field: OSt
005 - DATE AND TIME OF LATEST TRANSACTION
- control field: 20220923214913.0
008 - FIXED-LENGTH DATA ELEMENTS
- fixed length control field: 220923|| aca||aabn | a|a d
040 ## - CATALOGING SOURCE
- Original cataloging agency: OSt
- Transcribing agency: OSt
100 ## - HEADING--PERSONAL NAME
- Personal name: ओझा, गौरीशंकर हीराचन्द
670 ## - SOURCE DATA FOUND
- Source citation: Work cat.: (OSt)327501: ओझा, गौरीशंकर हीराचन्द, ओझा निबन्ध संग्रह, 1954
